000 00637nam a2200205Ia 4500
001 19634
003 GE_BSU
008 181216s||||||||xx |||||||||||||| ||und||
040 _cGE_BSU
080 _a1684-8853
245 _aИнформационно-управляющие системы. №5(84) 2016
245 _cГл.ред.Сергеев М.Б.
260 _aСанкт-Петербург
260 _c2016
300 _a106стр. 30см.
653 _aИнформационно-управляющие системы. №5(84) 2016
653 _aПериодика
653 _aპერიოდიკა
942 _cCR
999 _c52610
_d52610